Práca s peoplemetrom

Čo všetko dokáže peoplemeter zmerať, ako komunikuje s účastníkmi prieskumu, aké funkcie plní.

Salvato in:
Dettagli Bibliografici
Autore principale: Šimek, Ivo
Natura: Capitolo di libro
Lingua:slovacco
Soggetti:
Tags: Aggiungi Tag
Nessun Tag, puoi essere il primo ad aggiungerne!!

MARC

LEADER 00000naa$a2200000$$$4500
001 0016585
005 20231004065008.1
041 0 |a slo 
044 |a SK 
245 1 0 |a Práca s peoplemetrom  |c aut. Ivan Šimek 
520 |a Čo všetko dokáže peoplemeter zmerať, ako komunikuje s účastníkmi prieskumu, aké funkcie plní. 
610 2 0 |a peoplemetre 
100 1 |a Šimek, Ivo